000 00649nam a22002177a 4500
003 UA-OsUOA
001 37380
007 ta
008 20060306b un ||||| |||| 00| 0 ukr d
100 _aМураховський М.
090 _a330
_bМ11
942 _cSA
040 _aUA-OsUOA
_bukr
_cUA-OsUOA
_dUA-OsUOA
245 _aУкраїна активно співпрацює у створенні глобальної системи вимірювань
300 _aС.6-7
955 _a0
041 _aukr
080 _a330
773 0 _w37379
_tУкраїна- business
_dК.
_d2006
_g8
650 7 _a330 Економіка взагалі
_2UDC
999 _c323568
_d323568